| 000 | 00742nam a22002417a 4500 | ||
|---|---|---|---|
| 999 |
_c35080 _d35080 |
||
| 001 | 4486 | ||
| 003 | CO-MdFUSB | ||
| 005 | 20180622073143.0 | ||
| 008 | 180314t1980 xxu||||| |||| 00| 0 eng d | ||
| 020 | _a0-8010-0162-5 | ||
| 040 |
_aCO-MdFUSB _bspa _cCO-MdFUSB _dCO-MdFUSBC _erda |
||
| 041 | 0 | _aeng | |
| 082 | 0 | 4 | _aG 227.307 A776m |
| 100 | 1 |
_aArrington, Frech L. _eautor |
|
| 245 | 1 | 4 |
_aThe ministry of reconciliation _b: A Study of 2 Corinthians _c / French L. Arrington |
| 264 | 4 |
_aGrand Rapids, MI., USA : _bBaker, _c©1980 |
|
| 300 | _a178 Pag | ||
| 336 |
_2rdacontent _atexto _btxt |
||
| 337 |
_2rdamedia _asin mediación _bn |
||
| 338 |
_2rdacarrier _avolumen _bnc |
||
| 653 | _aBiblia N.T. - 2 Corintios - Comentarios | ||
| 942 | _cBK | ||